[Event "ROU-chT 1st League 2019"]
[Site "Mamaia"]
[Date "2019.09.23"]
[Round "3.10"]
[White "Pop, Alexandru"]
[Black "Filip, Lucian-Ioan"]
[Result "0-1"]
[WhiteElo "2274"]
[BlackElo "2419"]
[Annotator "TA"]
[PlyCount "124"]
[EventDate "2019.09.21"]
[EventType "team-tourn"]
[EventCountry "ROU"]
[SourceTitle "playchess.com"]
[Source "ChessBase"]
[SourceQuality "1"]

{[%evp 13,128,27,32,17,12,20,18,15,20,17,17,18,20,10,18,0,0,-31,-10,-25,-18,-61,-47,-39,-45,-68,-58,-66,-72,-74,-46,-44,-47,-30,-13,-4,-9,-51,-51,-62,-6,-135,-152,-121,-116,-144,-162,-155,-148,-195,-195,-220,-208,-286,-286,-286,-286,-286,-286,-300,-286,-295,0,-285,0,-269,-238,-316,-315,-593,-318,-318,-318,-270,-250,-341,-318,-435,-418,-467,-442,-442,-442,-425,-420,-447,-447,-606,-572,-802,-841,-939,-952,-930,-894,-698,-356,-1250,-1066,-29981,-29982,-29984,-29985,-29985,-29977,-29974,0,-29985,-29986,-29986,-125,-29983,-29984,-29991,-29992,-29993,-29994]} 1. Nf3 Nf6 2. c4 b6 3. Nc3 Bb7 4. d4 e6 5. a3 Ne4 6. Nxe4 Bxe4 7. e3 Be7 8. Be2 {E12: Queen's Indian: Unusual White 4th moves, 4 a3, 4 Nc3 Bb7 5 a3 and 4 Nc3 Bb7} (8. Bd3 Bxd3 9. Qxd3 d5 10. O-O O-O 11. Bd2 c6 12. Rac1 Nd7 13. cxd5 cxd5 14. Qa6 Bd6 15. Rc2 e5 16. dxe5 Nxe5 17. Nxe5 Bxe5 {0-1 (47) Riazantsev,A (2649)-Yakubboev,N (2556) St Petersburg 2018}) 8... O-O 9. O-O c5 10. d5 $146 {The position is equal.} ({Predecessor:} 10. b3 d6 11. Bb2 Nd7 12. b4 Rc8 13. Qb3 Qc7 14. Rfd1 Bxf3 15. gxf3 cxd4 16. Bxd4 {½-½ (38) Buhmann,R (2525)-Kunin,V (2476) Deizisau 2003}) 10... exd5 11. Nd2 Qc7 12. f3 Bg6 13. cxd5 d6 14. g4 f5 15. gxf5 Bxf5 16. Kh1 Nd7 {[%cal Bb8d7,Bd7f6,Bf6h5,Bh5f4][%mdl 32]} 17. Rg1 Bh4 18. e4 Bg6 19. Qf1 Rae8 {[%cal Ba8e8,Be8e7,Be7f7][%mdl 32]} 20. Qg2 Nf6 21. Bb5 Re7 22. Rf1 Nh5 23. Nc4 Ref7 {White must now prevent ...Bxe4!} 24. Qg4 Be7 25. Bd2 Nf4 26. e5 {next Bxf4 is good for White.} dxe5 (26... Bh5 $15 27. Qd7 Qxd7 28. Bxd7 dxe5) 27. d6 (27. Bxf4 $1 $11 {was the only way to keep the balance.} exf4 28. d6 Bxd6 29. Nxd6 Qxd6 30. Bc4) 27... Bxd6 $17 28. Bxf4 {Bg3 is the strong threat.} Bf5 {[%mdl 64] Zwischenzug} ({Much weaker is} 28... exf4 $6 29. Nxd6 Qxd6 30. Bc4 $15) 29. Qg2 exf4 30. Nxd6 Qxd6 31. Rad1 Qf6 32. Bc4 Be6 33. Rd6 Bxc4 {[%mdl 64] Discovered Attack} 34. Rxf6 Bxf1 ({Less strong is} 34... Rxf6 35. Rg1 $15) 35. Qxf1 Rxf6 $19 {[%mdl 4096] Endgame KQ-KRR} 36. Qc4+ Kh8 37. Qa6 R8f7 38. Qc8+ $1 Rf8 39. Qa6 R6f7 40. b4 Rc7 {Hoping for ...c4.} 41. Qc4 $2 (41. bxc5 bxc5 42. Qc4) 41... h6 42. a4 Rfc8 43. Kg2 Rc6 44. b5 Rf6 45. Kf2 Rd8 46. a5 Rd2+ 47. Kf1 Rd4 48. Qe2 Rfd6 {( -> ...Rd1+)} 49. Qe8+ Kh7 50. Kg2 bxa5 51. Qe7 a6 52. bxa6 Rxa6 53. Qxc5 Rd2+ 54. Kh3 Rdd6 55. Qf5+ $2 (55. Qc2+ Rg6 56. Qa4) 55... Rg6 56. Kh4 a4 {[%cal Ba5a4,Ba4a3][%mdl 32]} 57. h3 a3 58. Kh5 {[#]} Ra5 $1 {[%mdl 512]} 59. Kh4 (59. Qxa5 Rg5+) 59... Raa6 60. Kh5 $1 {intending h4.} Raf6 61. Qc2 Rc6 $2 (61... Rb6 {mates} 62. Qc4 Ra6 63. Qa2 Rg5+ 64. Kh4 Rg3 65. Qc4 Rgg6 66. Qa2 {[#]} h5 $1 {[%mdl 576] Decoy} 67. Kxh5 Ra5+ 68. Kh4 Kh6 69. Qd5 Rg4+ $1 {[%mdl 576] Promotion} 70. fxg4 Rxd5 71. g5+ Kh7 72. g6+ Kxg6 73. Kg4 a2 74. h4 a1=Q 75. h5+ Rxh5 76. Kxf4 Qc3 77. Kg4 Rh3 78. Kf4 Rh4#) 62. Qf5 $2 {[%mdl 8192] [#]} (62. h4 $17) 62... a2 {Played: Rc6-c5} 0-1

[Event "ROU-chT 1st League 2019"]
[Site "Mamaia"]
[Date "2019.09.23"]
[Round "3.11"]
[White "Secheres, Adrian-Simion"]
[Black "Vasile, Claudiu-Daniel"]
[Result "1-0"]
[WhiteElo "2397"]
[BlackElo "2233"]
[Annotator "NA"]
[PlyCount "63"]
[EventDate "2019.09.21"]
[EventType "team-tourn"]
[EventCountry "ROU"]
[SourceTitle "playchess.com"]
[Source "ChessBase"]
[SourceQuality "1"]
[TimeControl "40/5400+30:1800+30"]

1. d4 {[%emt 0:00:00]} d5 {[%emt 0:00:00]} 2. c4 {[%emt 0:00:00]} e6 {[%emt 0:00:00]} 3. Nc3 {[%emt 0:00:13]} Nf6 {[%emt 0:00:00]} 4. Nf3 {[%emt 0:00:23]} Be7 {[%emt 0:00:34]} 5. Bf4 {[%emt 0:00:11]} O-O {[%emt 0:00:56]} 6. e3 {[%emt 0:00:10]} b6 {[%emt 0:01:48]} 7. Rc1 {[%emt 0:00:08]} Bb7 {[%emt 0:01:22]} 8. cxd5 {[%emt 0:00:14]} Nxd5 {[%emt 0:01:12]} 9. Nxd5 {[%emt 0:00:07]} Qxd5 {[%emt 0:00:31]} 10. a3 {[%emt 0:00:07]} c5 {[%emt 0:02:43]} 11. Bc4 {[%emt 0:00:12]} Qd8 {[%emt 0:01:56]} 12. O-O {[%emt 0:06:43]} Nc6 {[%emt 0:07:46]} 13. dxc5 {[%emt 0:04:30]} bxc5 {[%emt 0:04:41]} 14. Qc2 {[%emt 0:06:50]} Qb6 {[%emt 0:10:19]} 15. Bd3 {[%emt 0:08:53]} h6 {[%emt 0:09:29]} 16. Nd2 {[%emt 0:19:02]} Na5 {[%emt 0:21:34]} 17. Bh7+ {[%emt 0:12:21]} Kh8 {[%emt 0:00:33]} 18. Be4 {[%emt 0:00:07]} Bxe4 {[%emt 0:07:25]} 19. Nxe4 {[%emt 0:00:40]} Rac8 {[%emt 0:08:11]} 20. Be5 {[%emt 0:04:31]} Nb7 {[%emt 0:13:49]} 21. Ng3 {[%emt 0:13:58]} f6 {[%emt 0:03:00]} 22. Bc3 {[%emt 0:00:24]} Kg8 {[%emt 0:02:23]} 23. Nh5 {[%emt 0:01:48]} Rf7 {[%emt 0:00:24]} 24. Qg6 {[%emt 0:04:03]} Nd6 {[%emt 0:00:43]} 25. e4 {[%emt 0:02:02]} Nb5 {[%emt 0:00:26]} 26. Bd2 {[%emt 0:02:33]} f5 {[%emt 0:00:29]} 27. e5 {[%emt 0:03:10]} Bg5 {[%emt 0:00:16]} 28. Bxg5 {[%emt 0:00:47]} hxg5 {[%emt 0:00:02]} 29. Nf6+ {[%emt 0:01:57]} Kf8 {[%emt 0:00:24]} 30. Nh7+ {[%emt 0:00:15]} Kg8 {[%emt 0:00:29]} 31. Nxg5 {[%emt 0:00:09]} Re7 {[%emt 0:00:13]} 32. Qh7+ {[%emt 0:00:05]} 1-0

[Event "ROU-chT 1st League 2019"]
[Site "Mamaia"]
[Date "2019.09.23"]
[Round "3.12"]
[White "Stanciu, Andreea-Briana"]
[Black "Ognean, Mihnea-Ionut"]
[Result "0-1"]
[WhiteElo "1884"]
[BlackElo "2285"]
[Annotator "NA"]
[PlyCount "88"]
[EventDate "2019.09.21"]
[EventType "team-tourn"]
[EventCountry "ROU"]
[SourceTitle "playchess.com"]
[Source "ChessBase"]
[SourceQuality "1"]
[TimeControl "40/5400+30:1800+30"]

1. e4 {[%emt 0:00:00]} d6 {[%emt 0:00:00]} 2. d4 {[%emt 0:00:00]} Nf6 {[%emt 0:00:00]} 3. Nc3 {[%emt 0:00:00]} g6 {[%emt 0:00:04]} 4. f4 {[%emt 0:00:00]} Bg7 {[%emt 0:00:14]} 5. Nf3 {[%emt 0:00:00]} O-O {[%emt 0:00:09]} 6. Bd3 {[%emt 0:00:01]} Nbd7 {[%emt 0:00:36]} 7. e5 {[%emt 0:02:00]} Ne8 {[%emt 0:00:04]} 8. Qe2 {[%emt 0:00:51]} c5 {[%emt 0:01:06]} 9. Be3 {[%emt 0:06:04]} cxd4 {[%emt 0:00:34]} 10. Bxd4 {[%emt 0:00:06]} Nb8 {[%emt 0:00:03]} 11. exd6 {[%emt 0:04:14]} Nxd6 {[%emt 0:02:17]} 12. Bxg7 {[%emt 0:00:57]} Kxg7 {[%emt 0:00:10]} 13. O-O-O {[%emt 0:03:06]} Nc6 {[%emt 0:07:40]} 14. Qf2 {[%emt 0:04:25]} Qa5 {[%emt 0:03:08]} 15. a3 {[%emt 0:01:31]} Bg4 {[%emt 0:21:40]} 16. Ne2 {[%emt 0:06:26]} Rac8 {[%emt 0:07:59]} 17. h3 {[%emt 0:02:10]} Bf5 {[%emt 0:06:39]} 18. Bxf5 {[%emt 0:08:48]} Qxf5 {[%emt 0:02:40]} 19. Nfd4 {[%emt 0:01:47]} Nxd4 {[%emt 0:09:23]} 20. Nxd4 {[%emt 0:00:07]} Qc5 {[%emt 0:01:33]} 21. Rhe1 {[%emt 0:05:29]} Nc4 {[%emt 0:03:39]} 22. Rd3 {[%emt 0:10:08]} a5 {[%emt 0:10:17]} 23. f5 {[%emt 0:07:49]} b5 {[%emt 0:07:50]} 24. Rf3 {[%emt 0:01:32]} Kg8 {[%emt 0:02:02]} 25. Nb3 {[%emt 0:04:18]} Qc7 {[%emt 0:02:39]} 26. Rf1 {[%emt 0:06:06]} Ne5 {[%emt 0:02:08]} 27. Rc3 {[%emt 0:00:19]} Qd6 {[%emt 0:01:12]} 28. Rd1 {[%emt 0:05:19]} Qa6 {[%emt 0:02:12]} 29. Rxc8 {[%emt 0:02:25]} Rxc8 {[%emt 0:00:08]} 30. Rd5 {[%emt 0:05:47]} Nc4 {[%emt 0:03:02]} 31. Qd4 {[%emt 0:04:17]} Qa8 {[%emt 0:00:13]} 32. Kb1 {[%emt 0:04:30]} Ne3 {[%emt 0:01:13]} 33. Rc5 {[%emt 0:00:18]} Nxf5 {[%emt 0:00:27]} 34. Rxc8+ {[%emt 0:00:46]} Qxc8 {[%emt 0:00:05]} 35. Qa7 {[%emt 0:01:17]} a4 {[%emt 0:00:26]} 36. Nd4 {[%emt 0:00:28]} Nxd4 {[%emt 0:00:42]} 37. Qxd4 {[%emt 0:00:07]} Qb7 {[%emt 0:00:42]} 38. Qd2 {[%emt 0:00:12]} Kg7 {[%emt 0:01:37]} 39. Qd4+ {[%emt 0:00:18]} f6 {[%emt 0:00:08]} 40. Qd2 {[%emt 0:00:00]} e5 {[%emt 0:00:00]} 41. b3 {[%emt 0:00:23]} h5 {[%emt 0:11:35]} 42. Ka2 {[%emt 0:00:39]} h4 {[%emt 0:00:16]} 43. c4 {[%emt 0:00:31]} bxc4 {[%emt 0:00:33]} 44. bxc4 {[%emt 0:00:06]} Qb3+ {[%emt 0:00:09]} 0-1

[Event "ROU-chT 1st League 2019"]
[Site "Mamaia"]
[Date "2019.09.23"]
[Round "3.13"]
[White "Oltean, Dorel"]
[Black "Parligras, Mircea-Emilian"]
[Result "1-0"]
[WhiteElo "2333"]
[BlackElo "2629"]
[Annotator "TA"]
[PlyCount "77"]
[EventDate "2019.09.21"]
[EventType "team-tourn"]
[EventCountry "ROU"]
[SourceTitle "playchess.com"]
[Source "ChessBase"]
[SourceQuality "1"]

{[%evp 21,77,37,55,35,47,50,47,47,47,47,45,37,49,31,49,39,41,33,50,61,54,58,69,52,89,80,39,34,35,37,45,29,74,74,81,72,97,105,111,110,105,96,62,62,62,62,66,52,54,63,353,336,504,499,1005,959,1219,1129]} 1. e4 e5 2. Nf3 Nc6 3. Bb5 a6 4. Ba4 d6 5. O-O Bd7 6. c3 g6 7. d4 Bg7 8. Re1 Nge7 9. dxe5 dxe5 10. Be3 O-O 11. Nbd2 {[%cal Bb1d2,Bd2c4,Bc4e3,Be3d5][%mdl 32]} h6 12. Bc2 {C76: Ruy Lopez: Deferred Steinitz: 5 c3 Bd7 6 d4 g6} (12. Nf1 b6 13. Qd2 Kh7 14. Red1 Bg4 15. Qxd8 Raxd8 16. Rxd8 Rxd8 17. Rd1 Be6 18. Rxd8 Nxd8 19. a3 f5 {½-½ (34) Grandelius,N (2583)-Short,N (2692) Al Ain 2012}) 12... Qc8 13. Qe2 $146 ({Predecessor:} 13. Bc5 Re8 14. Nc4 b6 15. Ba3 Kh7 16. Qe2 Ng8 17. Rad1 Nd8 18. Ne3 Ne6 19. Qd2 Bb5 {½-½ (47) Panov,V-Levenfish,G Leningrad 1935}) 13... Be6 14. Bc5 {White is slightly better.} b6 15. Ba3 Re8 16. Nc4 Qb7 17. Ne3 Na7 18. b3 Nb5 19. Bb2 $1 Qc6 20. a4 Nd6 21. c4 f6 22. Nd5 Qb7 23. Rad1 Rad8 24. Rd2 c6 25. Ne3 Nf7 26. Red1 c5 27. Nd5 Nc6 28. Nh4 Nh8 29. f4 Bc8 30. f5 g5 31. Nf3 Nf7 32. h3 Nd4 $1 {[%cal Rd4e2]} 33. Qd3 ({Much weaker is} 33. Bxd4 exd4 34. Rf1 Qa7 $11) 33... Nd6 34. Rf2 b5 35. Ba3 $36 {[%mdl 2048] White has the initiative.} Nxe4 $2 {[%mdl 8192] [#]} ({Black should play} 35... b4 $14 36. Bb2 Qf7) 36. Qxe4 $18 bxc4 (36... b4 {is a better defense.} 37. Bb2 Qf7 38. Nxd4 exd4) 37. bxc4 {[%cal Bb3c4,Bc4d5][%mdl 32] White is clearly winning.} Nxf5 (37... Qf7 $142 38. Bxc5 Bxf5) 38. Nh2 Rxd5 39. cxd5 {Accuracy: White = 79%, Black = 44%.} 1-0

[Event "ROU-chT 1st League 2019"]
[Site "Mamaia"]
[Date "2019.09.23"]
[Round "3.14"]
[White "Deac, Bogdan-Daniel"]
[Black "Florescu, Codrut-Constantin"]
[Result "1-0"]
[WhiteElo "2613"]
[BlackElo "2286"]
[Annotator "RC"]
[PlyCount "79"]
[EventDate "2019.09.21"]
[EventType "team-tourn"]
[EventCountry "ROU"]
[SourceTitle "playchess.com"]
[Source "ChessBase"]
[SourceQuality "1"]
[TimeControl "40/5400+30:1800+30"]

1. Nf3 {[%emt 0:00:00]} e6 {[%emt 0:00:25]} 2. c4 {[%emt 0:00:00]} d5 {[%emt 0:01:34]} 3. d4 {[%emt 0:00:06]} Nf6 {[%emt 0:00:41]} 4. Nc3 {[%emt 0:02:06]} Be7 {[%emt 0:00:10]} 5. Bf4 {[%emt 0:00:08]} O-O {[%emt 0:00:19]} 6. e3 {[%emt 0:00:03]} b6 {[%emt 0:00:12]} 7. Bd3 {[%emt 0:00:12]} dxc4 {[%emt 0:03:25]} 8. Bxc4 {[%emt 0:00:03]} Bb7 {[%emt 0:00:07]} 9. O-O {[%emt 0:03:24]} a6 {[%emt 0:00:18]} 10. Qc2 {[%emt 0:03:34]} b5 {[%emt 0:14:36]} 11. Bd3 {[%emt 0:00:13]} c5 {[%emt 0:01:47]} 12. dxc5 {[%emt 0:00:03]} Bxc5 {[%emt 0:00:19]} 13. Rfd1 {[%emt 0:00:07]} Qe7 {[%emt 0:28:21]} 14. Ng5 {[%emt 0:17:45]} h6 {[%emt 0:05:32]} 15. Nge4 {[%emt 0:02:43]} Nbd7 {[%emt 0:00:35]} 16. Nxc5 {[%emt 0:00:17]} Qxc5 {[%emt 0:00:11]} 17. Bd6 {[%emt 0:05:22]} Qc6 {[%emt 0:00:14]} 18. f3 {[%emt 0:01:52]} Rfc8 {[%emt 0:00:18]} 19. Qf2 {[%emt 0:05:00]} Kh8 {[%emt 0:07:06]} 20. Bf1 {[%emt 0:00:53]} Qb6 {[%emt 0:09:37]} 21. e4 {[%emt 0:02:35]} Qxf2+ {[%emt 0:01:13]} 22. Kxf2 {[%emt 0:00:11]} Nb6 {[%emt 0:00:04]} 23. Rd4 {[%emt 0:02:13]} Nc4 {[%emt 0:00:54]} 24. Bxc4 {[%emt 0:00:50]} Rxc4 {[%emt 0:00:07]} 25. Rxc4 {[%emt 0:01:49]} bxc4 {[%emt 0:00:04]} 26. Rd1 {[%emt 0:04:54]} Rd8 {[%emt 0:04:44]} 27. Bc7 {[%emt 0:12:26]} Rxd1 {[%emt 0:00:10]} 28. Nxd1 {[%emt 0:00:02]} Ne8 {[%emt 0:04:38]} 29. Bb8 {[%emt 0:05:45]} Bc6 {[%emt 0:13:40]} 30. Ke3 {[%emt 0:00:14]} Ba4 {[%emt 0:00:11]} 31. Nc3 {[%emt 0:00:05]} Bc2 {[%emt 0:00:06]} 32. Kd4 {[%emt 0:00:34]} Bd3 {[%emt 0:00:28]} 33. b4 {[%emt 0:00:39]} Nf6 {[%emt 0:01:27]} 34. a4 {[%emt 0:02:17]} Bf1 {[%emt 0:00:31]} 35. g4 {[%emt 0:07:26]} Nd7 {[%emt 0:00:20]} 36. Bc7 {[%emt 0:00:06]} f5 {[%emt 0:01:57]} 37. a5 {[%emt 0:13:40]} fxg4 {[%emt 0:00:24]} 38. fxg4 {[%emt 0:00:12]} e5+ {[%emt 0:01:01]} 39. Ke3 {[%emt 0:05:59]} Bh3 {[%emt 0:00:06]} 40. b5 {[%emt 0:00:00]} 1-0

[Event "ROU-chT 1st League 2019"]
[Site "Mamaia"]
[Date "2019.09.23"]
[Round "3.15"]
[White "Oltean, Liviu-Ioan"]
[Black "Svetushkin, Dmitry"]
[Result "0-1"]
[WhiteElo "2313"]
[BlackElo "2534"]
[Annotator "TA"]
[PlyCount "62"]
[EventDate "2019.09.21"]
[EventType "team-tourn"]
[EventCountry "ROU"]
[SourceTitle "playchess.com"]
[Source "ChessBase"]
[SourceQuality "1"]

{[%evp 13,62,13,19,33,43,31,36,10,19,-23,-15,-14,-6,-1,0,0,0,0,0,-8,1,-14,6,-14,-9,0,18,16,51,13,41,40,57,0,0,0,0,0,0,0,0,-237,-241,-261,-254,-466,-456,-885,-855,-749,-714]} 1. e4 c6 2. Nf3 d5 3. Nc3 Bg4 4. h3 Bxf3 5. Qxf3 Nf6 6. d3 e6 7. Be2 Bb4 8. O-O {B11: Caro-Kann: Two Knights Variation} Nbd7 9. Qg3 O-O 10. Bh6 {[%csl Gh6][%cal Rg3g7] [#] White is slightly better.} Ne8 11. exd5 $146 ({Predecessor:} 11. Bg5 Be7 12. Bf4 Bh4 13. Qh2 Bg5 14. Bxg5 Qxg5 15. d4 Qe7 {½-½ (53) Sulskis,S (2555)-Antonio,R (2540) Elista 1998}) 11... cxd5 12. d4 Bd6 13. Bf4 Qb6 14. Rab1 Ndf6 15. Be5 Nd7 16. Bd3 Rc8 17. Rfe1 g6 18. Ne2 Nxe5 19. dxe5 Bb8 20. Nf4 $1 Ng7 21. Qg5 Qd8 22. Qh6 d4 {next ...Rc5 is good for Black.} 23. Re2 (23. h4 $14) 23... Rc5 $11 24. Rbe1 $40 {[%mdl 128] White has some attack.} Qa5 {[%cal Rb8e5]} 25. b4 $1 {[%cal Rb4a5]} Qxb4 {White must now prevent ...Qa5.} 26. h4 $1 {[%cal Rh4h5] aiming for h5.} Qa5 $1 {[%csl LRa2,LRe5][%cal Rc5e5]} 27. h5 $2 (27. Nh3 $1 $11 {and White has nothing to worry.} Rxe5 {[#]} 28. Ng5 $1 {[%mdl 512]} Rxg5 29. Qxg5 Qxa2 30. Qb5) 27... Rxe5 $19 {[%cal Rg7h5]} 28. Rxe5 Bxe5 29. Rxe5 $2 (29. Rd1 {might work better.}) 29... Qxe5 {Black is clearly winning.} 30. Nxg6 (30. hxg6 $142 fxg6 31. Nh3) 30... fxg6 31. hxg6 Qh5 {Accuracy: White = 37%, Black = 38%.} 0-1

[Event "ROU-chT 1st League 2019"]
[Site "Mamaia"]
[Date "2019.09.23"]
[Round "3.16"]
[White "Iordachescu, Viorel"]
[Black "Talu, Mircea"]
[Result "1-0"]
[WhiteElo "2602"]
[BlackElo "2288"]
[Annotator "TA"]
[PlyCount "81"]
[EventDate "2019.09.21"]
[EventType "team-tourn"]
[EventCountry "ROU"]
[SourceTitle "playchess.com"]
[Source "ChessBase"]
[SourceQuality "1"]

{[%evp 12,81,9,12,12,17,38,20,23,17,27,24,25,30,31,16,4,0,0,-13,-3,-8,5,6,4,12,52,52,56,49,58,46,64,60,100,20,43,85,63,33,95,62,57,94,421,413,435,439,457,441,452,415,424,388,621,622,603,594,679,666,715,655,817,882,1718,1570,6419,868,29995,29989,29996,29997]} 1. e4 e5 2. Nf3 Nc6 3. Bb5 a6 4. Ba4 Nf6 5. d3 b5 6. Bb3 Bc5 7. Nc3 h6 {C77: Ruy Lopez: 3...a6 4 Ba4 Nf6, unusual lines} 8. Nd5 Bb7 (8... d6 9. c3 Rb8 10. O-O O-O 11. d4 Ba7 12. Be3 Bg4 13. dxe5 Nxd5 14. Qxd5 Bxe3 15. fxe3 {0-1 (48) Salem,A (2660)-Mamedyarov,S (2817) St Petersburg 2018}) 9. c3 d6 {The position is equal.} 10. h3 Nxd5 $146 ({Predecessor:} 10... O-O 11. O-O a5 12. a4 b4 13. Re1 Na7 14. Nxf6+ Qxf6 {0-1 (75) Sgrecia,L-Lopez Nocera,V (1956) Villa Carlos Paz 2004}) 11. Bxd5 Rb8 12. O-O O-O 13. Bb3 Bb6 14. Nh2 Qh4 15. Be3 Bc8 16. Qd2 Be6 17. Bxb6 Rxb6 18. f4 exf4 19. Rxf4 Qh5 20. Raf1 {[%cal Ba1f1,Bf1f3,Bf3g3][%mdl 32] [#] Hoping for Bxe6.} Rbb8 21. Bd1 Qg6 22. d4 {Threatens to win with d5.} Bxh3 ({Of course not} 22... Bxa2 $6 23. b3 $18) 23. Bc2 (23. Ng4 $16) 23... Qg5 24. R1f3 $36 {[%mdl 3072] White has compensation. White has strong initiative.} Bd7 25. Nf1 Rbe8 (25... Na5 $14) 26. Qf2 $16 Nd8 27. Rg3 Qh5 $2 {[%mdl 8192]} (27... Qe7 $16) 28. Ne3 $18 Ne6 29. Bd1 Nxf4 30. Qxf4 ({Not} 30. Bxh5 Nxh5 31. Nd5 Nxg3 $11) 30... Qg6 31. Rxg6 fxg6 32. Qg3 g5 $2 (32... Rxe4 33. Nd5 Bc6) 33. Nd5 Rxe4 34. Bf3 Rh4 35. Nxc7 Rf6 36. Qe1 Rhf4 37. Qe7 Bg4 38. Bxg4 Rxg4 39. Nd5 (39. Ne6 $142 Rxe6 40. Qxe6+ {[%mdl 64] Double Attack} Kh8 41. Qxg4) 39... Rg6 40. Qe8+ {[%mdl 64] [#] Double Attack} Kh7 41. Ne7 {Accuracy: White = 70%, Black = 36%.} 1-0

[Event "ROU-chT 1st League 2019"]
[Site "Mamaia"]
[Date "2019.09.23"]
[Round "3.17"]
[White "Horvat, Dan-Sebastian"]
[Black "Nevednichy, Vladislav"]
[Result "0-1"]
[WhiteElo "2099"]
[BlackElo "2522"]
[Annotator "ChessBase"]
[PlyCount "82"]
[EventDate "2019.09.21"]
[EventType "team-tourn"]
[EventCountry "ROU"]
[SourceTitle "playchess.com"]
[Source "ChessBase"]
[SourceQuality "1"]
[TimeControl "40/5400+30:1800+30"]

1. c4 {[%emt 0:00:00]} g6 {[%emt 0:00:00]} 2. Nc3 {[%emt 0:00:00]} Bg7 {[%emt 0:00:03]} 3. g3 {[%emt 0:00:00]} c5 {[%emt 0:00:18]} 4. Bg2 {[%emt 0:00:25]} Nc6 {[%emt 0:00:10]} 5. e4 {[%emt 0:01:35]} e6 {[%emt 0:04:23]} 6. Nge2 {[%emt 0:02:07]} d6 {[%emt 0:00:35]} 7. d3 {[%emt 0:02:05]} Nge7 {[%emt 0:00:06]} 8. O-O {[%emt 0:00:32]} O-O {[%emt 0:00:25]} 9. Be3 {[%emt 0:06:09]} Nd4 {[%emt 0:00:12]} 10. f4 {[%emt 0:05:23]} Rb8 {[%emt 0:02:05]} 11. Qd2 {[%emt 0:05:15]} a6 {[%emt 0:03:53]} 12. Rae1 {[%emt 0:02:15]} b6 {[%emt 0:04:39]} 13. b3 {[%emt 0:12:23]} Bb7 {[%emt 0:12:29]} 14. Kh1 {[%emt 0:02:18]} Qd7 {[%emt 0:06:10]} 15. Rf2 {[%emt 0:08:56]} f5 {[%emt 0:02:47]} 16. Ng1 {[%emt 0:02:31]} Rbe8 {[%emt 0:07:50]} 17. Nf3 {[%emt 0:08:31]} Nec6 {[%emt 0:03:52]} 18. h4 {[%emt 0:04:05]} b5 {[%emt 0:05:20]} 19. cxb5 {[%emt 0:12:28]} axb5 {[%emt 0:00:31]} 20. Bxd4 {[%emt 0:05:16]} Nxd4 {[%emt 0:02:10]} 21. e5 {[%emt 0:00:07]} Bxf3 {[%emt 0:03:36]} 22. Bxf3 {[%emt 0:01:31]} dxe5 {[%emt 0:00:27]} 23. fxe5 {[%emt 0:00:16]} f4 {[%emt 0:05:16]} 24. gxf4 {[%emt 0:01:43]} Qe7 {[%emt 0:00:30]} 25. Kg2 {[%emt 0:06:13]} Qxh4 {[%emt 0:01:30]} 26. Bd1 {[%emt 0:00:04]} Rd8 {[%emt 0:09:54]} 27. Rh1 {[%emt 0:00:51]} Qe7 {[%emt 0:00:08]} 28. Ne4 {[%emt 0:00:48]} Nf5 {[%emt 0:01:13]} 29. Qc3 {[%emt 0:05:34]} Rd5 {[%emt 0:05:34]} 30. Rh3 {[%emt 0:00:12]} b4 {[%emt 0:01:22]} 31. Qd2 {[%emt 0:02:42]} Rfd8 {[%emt 0:02:04]} 32. Bg4 {[%emt 0:01:22]} Rd4 {[%emt 0:08:35]} 33. Bxf5 {[%emt 0:01:33]} exf5 {[%emt 0:00:02]} 34. Nd6 {[%emt 0:00:37]} Qe6 {[%emt 0:00:09]} 35. Qe3 {[%emt 0:00:50]} Bf8 {[%emt 0:00:37]} 36. Nc4 {[%emt 0:00:25]} Qd5+ {[%emt 0:02:05]} 37. Rff3 {[%emt 0:00:06]} Qa8 {[%emt 0:00:13]} 38. Qe2 {[%emt 0:01:17]} Rxf4 {[%emt 0:00:31]} 39. Kf2 {[%emt 0:00:29]} Rxf3+ {[%emt 0:01:13]} 40. Rxf3 {[%emt 0:00:00]} Qd5 {[%emt 0:00:00]} 41. e6 {[%emt 0:02:52]} Bg7 {[%emt 0:01:18]} 0-1

[Event "ROU-chT 1st League 2019"]
[Site "Mamaia"]
[Date "2019.09.23"]
[Round "3.18"]
[White "Costachi, Mihnea"]
[Black "Bobocea, Laurentiu-Vlad"]
[Result "1-0"]
[WhiteElo "2463"]
[BlackElo "1921"]
[Annotator "ChessBase"]
[PlyCount "59"]
[EventDate "2019.09.21"]
[EventType "team-tourn"]
[EventCountry "ROU"]
[SourceTitle "playchess.com"]
[Source "ChessBase"]
[SourceQuality "1"]
[TimeControl "40/5400+30:1800+30"]

1. d4 {[%emt 0:00:00]} d5 {[%emt 0:00:00]} 2. c4 {[%emt 0:00:11]} c6 {[%emt 0:00:00]} 3. Nf3 {[%emt 0:00:36]} Nf6 {[%emt 0:00:00]} 4. Nc3 {[%emt 0:01:22]} dxc4 {[%emt 0:00:00]} 5. a4 {[%emt 0:00:04]} Bf5 {[%emt 0:00:07]} 6. e3 {[%emt 0:00:09]} e6 {[%emt 0:00:25]} 7. Bxc4 {[%emt 0:00:05]} Bb4 {[%emt 0:00:07]} 8. O-O {[%emt 0:00:04]} Nbd7 {[%emt 0:00:28]} 9. Qe2 {[%emt 0:00:06]} Bg6 {[%emt 0:01:33]} 10. e4 {[%emt 0:08:33]} O-O {[%emt 0:00:11]} 11. e5 {[%emt 0:07:22]} Nd5 {[%emt 0:00:06]} 12. Ne4 {[%emt 0:00:23]} a5 {[%emt 0:11:49]} 13. Bd3 {[%emt 0:05:06]} h6 {[%emt 0:08:18]} 14. Rd1 {[%emt 0:02:14]} Be7 {[%emt 0:14:22]} 15. Ng3 {[%emt 0:02:27]} Re8 {[%emt 0:14:04]} 16. Bxg6 {[%emt 0:02:57]} fxg6 {[%emt 0:01:41]} 17. Nd2 {[%emt 0:00:46]} g5 {[%emt 0:10:52]} 18. Nde4 {[%emt 0:01:12]} b6 {[%emt 0:17:09]} 19. Qg4 {[%emt 0:01:15]} Bf8 {[%emt 0:05:57]} 20. h4 {[%emt 0:05:05]} gxh4 {[%emt 0:00:50]} 21. Nh5 {[%emt 0:00:07]} Kh7 {[%emt 0:02:53]} 22. Ra3 {[%emt 0:01:14]} g6 {[%emt 0:03:56]} 23. Rf3 {[%emt 0:00:25]} Re7 {[%emt 0:01:52]} 24. Nhf6+ {[%emt 0:05:34]} N7xf6 {[%emt 0:00:48]} 25. exf6 {[%emt 0:04:28]} Rd7 {[%emt 0:02:25]} 26. Qxh4 {[%emt 0:00:16]} Kg8 {[%emt 0:01:31]} 27. Rg3 {[%emt 0:06:45]} Qe8 {[%emt 0:00:45]} 28. Rdd3 {[%emt 0:00:07]} Kh8 {[%emt 0:01:02]} 29. Rdf3 {[%emt 0:01:34]} Raa7 {[%emt 0:00:42]} 30. Ng5 {[%emt 0:03:15]} 1-0